01250nam a2200265 a 450000100100000000500170001000800410002702000180006804000250008608200220011110000170013324501450015025000120029526000350030730000350034260000450037760000450042265000460046765000460051370000360055995201200059595201260071595201260084199900170096700004381020201002044959.0140506s2014 pr ac 000 0 spa d a9781934461679 aDO-SdBNPbspacBNPHU a782.097295bH557s1 aSophy97164810aSophy de Puerto Rico desde lo más íntimo... :bel poder de luchar para triunfar /cSophy Hernández; prólogo Laura E. Castro Cardona. a2a. ed. aPuerto Rico, :b[s.d.],c2014. a318p. :bil., retrs. ;c22 cm. aHERNÁNDEZ, SOFÍAxANÉCDOTAS971649 aHERNÁNDEZ, SOFÍAxBIOGRAFÍA971650 4aCantantezPuerto RicoxAnécdotas971651 4aCantantezPuerto RicoxBiografía97165212aCastro Cardona, Laura E.971653 001050718MOaGRbGRcCTd2014-05-06iLF1l0o782.097295 H557sp43810-10r2020-06-25w2020-06-25y1ZNo se presta 001050718MOaGRbGRcCTd2014-05-06iLF1l0o782.097295 H557sp43810-20r2020-06-25te. 2w2020-06-25y1ZNo se presta 001050718MOaGRbGRcCTd2014-05-06iLF1l0o782.097295 H557sp43810-30r2020-06-25te. 3w2020-06-25y1ZNo se presta c43299d43299